000 01568nam a2200409 i 4500
001 DIGDYK3291
003 NyNyDIG
007 cr |||||||||||
008 240614s2023 sp ob 001 0 spa d
006 m o d
035 _a(OCoLC)1441793990
040 _aDGITA
_beng
_erda
_epn
_cDGITA
020 _a9788411708340
_qelectrónico
020 _z9788411706919
024 7 _aNúmeroDOI
_2doi
043 _ae------
_ae-uk---
050 1 4 _aKD660 ebook
100 1 _aLafuente Sánchez, Raúl,
_eauthor.
245 1 0 _aIntroducción a la Unión Europea en la era Post-Brexit /
_cRaúl Lafuente Sánchez.
264 1 _aMadrid :
_bDykinson, S.L.,
_c[2023]
300 _a1 online resource.
336 _atext
_btxt
_2rdacontent
337 _acomputer
_bc
_2rdamedia
338 _aonline resource
_bcr
_2rdacarrier
347 _atext file
_2rdaft
347 _bPDF
504 _aIncludes bibliographical references and index.
588 0 _aOnline resource; title from PDF title page (Digitalia, viewed June 14, 2024)
610 2 0 _aEuropean Union
_zGreat Britain.
651 0 _aEuropean Union countries
_xForeign relations
_zGreat Britain.
791 2 _aDigitalia (Firm),
_edistributor.
793 0 _gDigitalia eBook Collection:
_aDykinson Editorial
776 0 8 _iPrint version:
_aLafuente Sánchez, Raúl.
_tIntroducción a la Unión Europea en la era Post-Brexit.
_dMadrid : Dykinson, S.L., [2023]
_z9788411706919
856 4 0 _3Digitalia Hispánica
_uhttps://www.digitaliapublishing.com/a/143941/
910 _aPremium collection: 2024
942 _cRAA
999 _c285441
_d285441